000 00943nam a2200229 a 4500
999 _c444
_d444
003 AR-BaISA
005 20220513172227.0
007 ta
008 941207s1994 sp ad ||| ||spa d
020 _a8479781459
040 _cAR-BaISA
082 0 4 _222
_a658.114 22 K82
245 1 0 _aDirección por objetivos
_h[Texto impreso]:
_baplicaciones en la pequeña empresa
260 _aMadrid:
_bDíaz de Santos,
_c1994
300 _aXXII, 224 p.:
_bil., graf.;
_c20 cm.
490 1 _aGuías de Gestión de la Pequeña Empresa
505 _tLos objetivos: la base de todo --
_tLa dirección por objetivos: enfoque global --
_tObjetivos --
_tParticipación --
_tMecanismos de participación --
_tEvaluación --
_tImplantación de la dirección por objetivos
650 1 4 _aDirección por objetivos
_9857
650 1 4 _aPequeñas y medianas empresas
_xGestión
_91105
830 0 _aGuías de Gestión de la Pequeña Empresa
_91104
942 _2ddc
_cLI